Podnikanie žien v cestovnom ruchu bakalárska práca

Salvato in:
Dettagli Bibliografici
Autore principale: Jaloviarová, Dana
Ente Autore: Obchodná fakulta EU. Katedra služieb a cestovného ruchu - zrušené
Altri autori: Šuterová, Viola, 1957-
Natura: Libro
Lingua:slovacco
Pubblicazione: Bratislava 2018
Tags: Aggiungi Tag
Nessun Tag, puoi essere il primo ad aggiungerne!!

MARC

LEADER 00000nbm a2200000 4500
001 0244986
005 20180906133442.2
041 0 |a slo 
044 |a SK 
245 1 0 |a Podnikanie žien v cestovnom ruchu  |b bakalárska práca  |c Dana Jaloviarová ; školiteľ: Viola Šuterová 
264 1 |a Bratislava  |c 2018 
300 |a 55 s. 
100 1 |a Jaloviarová, Dana 
700 1 |a Šuterová, Viola, 1957- 
710 2 |a Obchodná fakulta EU. Katedra služieb a cestovného ruchu - zrušené